[Event "Rio de Janeiro State-ch op"]
[Site "Rio de Janeiro"]
[Date "2013.05.25"]
[Round "5"]
[White "Alvarenga de Carvalho, Miguel Angel"]
[Black "Rangel, Daniel"]
[Result "1/2-1/2"]
[WhiteElo "2111"]
[BlackElo "2127"]
[PlyCount "108"]
[EventDate "2013.05.18"]
[EventType "swiss"]
[EventRounds "7"]
[EventCountry "BRA"]
[SourceTitle "EXT 2018"]
[Source "ChessBase"]
[SourceDate "2017.10.13"]
[SourceVersion "1"]
[SourceVersionDate "2017.10.13"]
[SourceQuality "1"]

1. e4 g6 2. d4 Bg7 3. Nc3 d6 4. Be3 Nf6 5. Qd2 Ng4 6. Bg5 h6 7. Bh4 g5 8. Bg3 e5 9. dxe5 Nxe5 10. 0-0-0 Be6 11. Nge2 Nbc6 12. Nd4 Nxd4 13. Qxd4 0-0 14. Qd2 Ng6 15. f3 Qf6 16. a3 Rab8 17. Bf2 a6 18. Bd4 Qxd4 19. Qxd4 Bxd4 20. Rxd4 Kg7 21. Nd5 Bxd5 22. Rxd5 Rfe8 23. Rd2 Re5 24. g3 f5 25. Bd3 f4 26. Rf2 Kf6 27. Bf1 Rbe8 28. Bd3 Rf8 29. Rhf1 Kg7 30. Kd2 Rd8 31. Kc1 Kf6 32. Rg1 Rf8 33. Rgf1 h5 34. Kd2 Ke7 35. Kc1 Re6 36. Kd2 Ref6 37. Be2 Ne5 38. gxf4 Rxf4 39. Ke3 R8f6 40. Rg2 g4 41. Rgf2 gxf3 42. Bxf3 Nc4+ 43. Ke2 b5 44. Bxh5 Rxf2+ 45. Rxf2 Rxf2+ 46. Kxf2 Nxb2 47. Be2 c6 48. Ke3 Na4 49. Kd4 Nb6 50. Kc3 c5 51. Kd2 Kf6 52. h4 Nd7 53. Ke3 Ne5 54. Kf4 Ng6+ 1/2-1/2

[Event "Rio de Janeiro Regional"]
[Site "Rio de Janeiro"]
[Date "2012.10.28"]
[Round "6"]
[White "Schwab, Francisco Carlos"]
[Black "Alvarenga de Carvalho, Miguel Angel"]
[Result "0-1"]
[WhiteElo "2080"]
[BlackElo "2094"]
[PlyCount "77"]
[EventDate "2012.10.26"]
[EventType "swiss"]
[EventRounds "6"]
[EventCountry "BRA"]
[SourceTitle "EXT 2013"]
[Source "ChessBase"]
[SourceDate "2012.11.22"]
[SourceVersion "1"]
[SourceVersionDate "2012.11.22"]
[SourceQuality "1"]

1. Nf3 Nf6 2. c4 g6 3. Nc3 d5 4. cxd5 Nxd5 5. e4 Nxc3 6. dxc3 Qxd1+ 7. Kxd1 f6 8. Bc4 e5 9. Be3 Nd7 10. Ke2 Nc5 11. Nd2 a5 12. f3 Bd7 13. Bxc5 Bxc5 14. a4 Ke7 15. h4 h5 16. Nf1 c6 17. Ne3 f5 18. g3 Rhd8 19. Rad1 Kf6 20. Rd2 Be8 21. Rhd1 Be7 22. g4 Rxd2+ 23. Rxd2 f4 24. g5+ Kg7 25. Nd1 Rd8 26. Nf2 Rxd2+ 27. Kxd2 Kf8 28. Nd3 Bd6 29. Ke2 Ke7 30. Kf2 Bb8 31. Ke2 Kd6 32. Kd2 Ba7 33. Ke2 Bg1 34. Kf1 Bh2 35. Kg2 Bg3 36. Kh3 Bd7+ 37. Kg2 Bxh4 38. Bf7 Bxg5 39. Bxg6 0-1

[Event "Rio de Janeiro Fexerj op"]
[Site "Rio de Janeiro"]
[Date "2012.08.26"]
[Round "3"]
[White "Alvarenga de Carvalho, Miguel Angel"]
[Black "Ramos, Angelo Bil"]
[Result "1/2-1/2"]
[WhiteElo "2071"]
[BlackElo "2124"]
[PlyCount "68"]
[EventDate "2012.08.25"]
[EventType "swiss"]
[EventRounds "7"]
[EventCountry "BRA"]
[SourceTitle "CBM 150 Extra"]
[Source "ChessBase"]
[SourceDate "2012.10.19"]
[SourceVersion "1"]
[SourceVersionDate "2012.10.19"]
[SourceQuality "1"]

1. e4 c5 2. Nc3 Nc6 3. f4 g6 4. Nf3 Bg7 5. Bb5 Nd4 6. 0-0 Nxb5 7. Nxb5 d5 8. exd5 a6 9. Nc3 Nf6 10. d4 c4 11. Qe2 b5 12. Re1 0-0 13. Qxe7 Qxe7 14. Rxe7 b4 15. Nd1 Nxd5 16. Re1 c3 17. a3 Bf5 18. axb4 Nxb4 19. Ne3 cxb2 20. Bxb2 Nxc2 21. Nxc2 Bxc2 22. Re2 Bb3 23. Ra5 Rfb8 24. Ne5 Rb5 25. Bc3 Bd5 26. Rb2 Rxa5 27. Bxa5 Bf6 28. Kf2 Kg7 29. Ke3 Be7 30. g3 f6 31. Nd3 Ba3 32. Rc2 Re8+ 33. Kf2 Be4 34. Rc3 Bxd3 1/2-1/2

[Event "Rio de Janeiro Fexerj op"]
[Site "Rio de Janeiro"]
[Date "2012.08.26"]
[Round "4"]
[White "Maia, Marco Aurelio Ferre"]
[Black "Alvarenga de Carvalho, Miguel Angel"]
[Result "1/2-1/2"]
[WhiteElo "2115"]
[BlackElo "2071"]
[PlyCount "29"]
[EventDate "2012.08.25"]
[EventType "swiss"]
[EventRounds "7"]
[EventCountry "BRA"]
[SourceTitle "CBM 150 Extra"]
[Source "ChessBase"]
[SourceDate "2012.10.19"]
[SourceVersion "1"]
[SourceVersionDate "2012.10.19"]
[SourceQuality "1"]

1. d4 Nf6 2. Nf3 g6 3. Nbd2 d5 4. e3 Bg7 5. b4 0-0 6. Bb2 a5 7. b5 c5 8. bxc6 bxc6 9. c4 Ba6 10. Be2 Nbd7 11. 0-0 c5 12. dxc5 Nxc5 13. Rc1 Rb8 14. Be5 Rc8 15. Bd4 1/2-1/2

[Event "BRA-ch U16"]
[Site "Sao Paulo"]
[Date "2012.04.29"]
[Round "4"]
[White "Alvarenga de Carvalho, Miguel Angel"]
[Black "Moretti, Marcos Paulo"]
[Result "1/2-1/2"]
[WhiteElo "2065"]
[BlackElo "1780"]
[PlyCount "101"]
[EventDate "2012.04.28"]
[EventType "swiss"]
[EventRounds "7"]
[EventCountry "BRA"]
[SourceTitle "CBM 148 Extra"]
[Source "ChessBase"]
[SourceDate "2012.06.22"]
[SourceVersion "1"]
[SourceVersionDate "2012.06.22"]
[SourceQuality "1"]

1. e4 e6 2. d4 d5 3. Nc3 dxe4 4. Nxe4 Bd7 5. Nf3 Bc6 6. Bd3 Bxe4 7. Bxe4 c6 8. 0-0 Nf6 9. Bd3 Be7 10. Qe2 0-0 11. Bg5 Nbd7 12. Rad1 Re8 13. c3 Qc7 14. Bb1 Bf8 15. Ne5 g6 16. Rfe1 Bg7 17. a3 b5 18. Ba2 Nxe5 19. dxe5 Nd7 20. Bf4 Nb6 21. c4 a6 22. Rc1 Qb7 23. Bg5 Bf8 24. h4 Be7 25. Bxe7 Rxe7 26. h5 Ree8 27. Rc2 Red8 28. Qf3 Rac8 29. Qf6 Nd7 30. Qg5 b4 31. Re3 Re8 32. hxg6 fxg6 33. c5 Nf8 34. Rd3 bxa3 35. Rxa3 Rcd8 36. Rd2 Rxd2 37. Qxd2 Qb5 38. Ra5 Qb8 39. Rxa6 Qxe5 40. Rxc6 Ra8 41. Bc4 Ra1+ 42. Bf1 Qe4 43. Rd6 Qc4 44. Qd3 Qxc5 45. Rd8 Qc1 46. b4 Qb1 47. Qc4 Qf5 48. b5 Rb1 49. Rb8 Qe5 50. Qc8 Qd6 51. Qd8 1/2-1/2

[Event "Fortaleza Brazil op 2nd"]
[Site "Fortaleza"]
[Date "2012.04.06"]
[Round "2"]
[White "Alvarenga de Carvalho, Miguel Angel"]
[Black "Martins, Vinicius Tine"]
[Result "0-1"]
[WhiteElo "2065"]
[BlackElo "2329"]
[PlyCount "122"]
[EventDate "2012.04.05"]
[EventType "swiss"]
[EventRounds "7"]
[EventCountry "BRA"]
[SourceTitle "CBM 147 Extra"]
[Source "ChessBase"]
[SourceDate "2012.04.24"]
[SourceVersion "1"]
[SourceVersionDate "2012.04.24"]
[SourceQuality "1"]

1. e4 c5 2. Nf3 d6 3. d4 cxd4 4. Nxd4 Nf6 5. Nc3 a6 6. h3 e5 7. Nde2 h5 8. Bg5 Be6 9. g3 Nbd7 10. Bg2 Rc8 11. 0-0 Qc7 12. Qd2 Be7 13. a4 0-0 14. b3 Rfd8 15. f4 Nf8 16. f5 Bd7 17. Bxf6 Bxf6 18. Bf3 h4 19. Nd5 Qc5+ 20. Kh1 Nh7 21. Nxf6+ Nxf6 22. c4 Bc6 23. Qd3 b5 24. axb5 axb5 25. g4 Nh7 26. Bg2 f6 27. Ra5 bxc4 28. Qd2 Qb6 29. bxc4 Ng5 30. Qa2 Kh7 31. Rb1 Qf2 32. Rf1 Qe3 33. Ra3 Ra8 34. Rxe3 Rxa2 35. Nc3 Ra5 36. Nd5 Rc5 37. Ne7 Rxc4 38. Rfe1 Be8 39. Rd1 Bf7 40. Kg1 Rc5 41. Red3 Rd7 42. Nd5 Bxd5 43. exd5 Rb7 44. R1d2 Rbb5 45. Kh2 e4 46. Rd4 Rb3 47. Bxe4 Nxh3 48. Kg2 Rg3+ 49. Kh2 Ng5 50. Bg2 Rcc3 51. Re2 Kh6 52. Rf4 Nf7 53. g5+ Kxg5 54. Rff2 Ne5 55. Kh1 Rc1+ 56. Rf1 Rxf1+ 57. Bxf1 Kxf5 58. Bg2 h3 59. Rf2+ Kg4 60. Be4 Nf3 61. Rf1 f5 0-1

[Event "Rio de Janeiro-ch op"]
[Site "Rio de Janeiro"]
[Date "2011.07.17"]
[Round "5"]
[White "Alvarenga de Carvalho, Miguel Angel"]
[Black "Viana, Dirceu"]
[Result "0-1"]
[WhiteElo "2007"]
[BlackElo "2269"]
[PlyCount "64"]
[EventDate "2011.07.15"]
[EventType "swiss"]
[EventRounds "6"]
[EventCountry "BRA"]
[SourceTitle "CBM 143 Extra"]
[Source "ChessBase"]
[SourceDate "2011.08.29"]
[SourceVersion "1"]
[SourceVersionDate "2011.08.29"]
[SourceQuality "1"]

1. e4 e6 2. d4 d5 3. Nc3 Bb4 4. e5 c5 5. a3 Bxc3+ 6. bxc3 Qc7 7. Qg4 f5 8. Qh5+ g6 9. Qd1 Bd7 10. Nf3 Ba4 11. Rb1 cxd4 12. Qxd4 Bd7 13. c4 Nc6 14. Qf4 Nge7 15. h4 h6 16. Bd2 0-0-0 17. cxd5 Nxd5 18. Qg3 Rdf8 19. c4 f4 20. Qh2 Nde7 21. Bxf4 Nf5 22. Bd3 Qa5+ 23. Bd2 Qxa3 24. Be2 Ncd4 25. Qh3 Qa2 26. Rc1 Nc2+ 27. Kf1 Bc6 28. Bc3 Rd8 29. Kg1 Nce3 30. Bd2 Rxd2 31. Nxd2 Qxd2 32. Ra1 Bxg2 0-1

[Event "Rio de Janeiro-ch op"]
[Site "Rio de Janeiro"]
[Date "2011.07.16"]
[Round "4"]
[White "Perdomo, Leandro Daniel"]
[Black "Alvarenga de Carvalho, Miguel Angel"]
[Result "1-0"]
[WhiteElo "2384"]
[BlackElo "2007"]
[PlyCount "73"]
[EventDate "2011.07.15"]
[EventType "swiss"]
[EventRounds "6"]
[EventCountry "BRA"]
[SourceTitle "CBM 143 Extra"]
[Source "ChessBase"]
[SourceDate "2011.08.29"]
[SourceVersion "1"]
[SourceVersionDate "2011.08.29"]
[SourceQuality "1"]

1. d4 d5 2. c4 e6 3. Nc3 c6 4. cxd5 exd5 5. Nf3 Bd6 6. Bg5 f6 7. Bh4 Ne7 8. e3 0-0 9. Bd3 Bf5 10. Bg3 Bxd3 11. Qxd3 Na6 12. a3 Nc7 13. 0-0 Qd7 14. b4 Nf5 15. Na4 Nxg3 16. hxg3 b5 17. Nb2 a5 18. Qc3 a4 19. Rac1 Ra6 20. Nd3 Na8 21. Rc2 Rc8 22. Rd1 Nb6 23. Nc5 Bxc5 24. dxc5 Nc4 25. e4 Re8 26. Qd3 Qf7 27. exd5 Qxd5 28. Qxd5+ cxd5 29. Rc3 Rd8 30. Nd4 Rb8 31. Nc2 Re8 32. Rxd5 Re2 33. c6 Re5 34. c7 Ra8 35. Rd8+ Re8 36. Rxe8+ Rxe8 37. Nd4 1-0

[Event "Rio de Janeiro-ch op"]
[Site "Rio de Janeiro"]
[Date "2011.07.15"]
[Round "2"]
[White "Von Buelow, Georg"]
[Black "Alvarenga de Carvalho, Miguel Angel"]
[Result "1/2-1/2"]
[WhiteElo "2379"]
[BlackElo "2007"]
[PlyCount "72"]
[EventDate "2011.07.15"]
[EventType "swiss"]
[EventRounds "6"]
[EventCountry "BRA"]
[SourceTitle "CBM 143 Extra"]
[Source "ChessBase"]
[SourceDate "2011.08.29"]
[SourceVersion "1"]
[SourceVersionDate "2011.08.29"]
[SourceQuality "1"]

1. Nf3 d5 2. d4 e6 3. c4 c6 4. Qc2 Nf6 5. Bg5 Nbd7 6. e3 Be7 7. Nc3 0-0 8. 0-0-0 dxc4 9. Bxc4 b5 10. Bd3 Bb7 11. Kb1 h6 12. h4 b4 13. Na4 Qa5 14. Rc1 c5 15. Bxf6 gxf6 16. Nxc5 Nxc5 17. dxc5 Rac8 18. Nd2 Rxc5 19. Nb3 Rxc2 20. Nxa5 Rxc1+ 21. Rxc1 Bd5 22. Nc6 Bxc6 23. Rxc6 f5 24. g3 Rd8 25. Kc2 Rd7 26. Be2 Kg7 27. Rc8 Bd6 28. Ra8 Be7 29. Bb5 Rc7+ 30. Kb3 Rb7 31. Ka4 Rc7 32. Kb3 Rb7 33. Be8 Rc7 34. Ba4 Bf8 35. Bb5 Be7 36. Be2 Rb7 1/2-1/2